000 00693nam a2200253Ia 4500
003 OSt
005 20220918170032.0
006 a|||||r|||| 00| 0
007 ta
008 220917b |||||||| |||| 00| 0 eng d
020 _a818723315X (hbk)
024 _a157,815
037 _cTextual
040 _aARTS
_cARTS
_beng
041 _2eng
_aeng
082 _aSN1,8, P0
100 _aJudson Arnold S.
_926744
245 0 _aChanging organisational behaviour
_b through minimal resistance
260 _aNew Delhi
_bInfinity Books
_c2000
300 _avi; 221p.
_ccm.
650 _aPSYCHOLOGY
942 _hSN1,8, P0
_cTEXL
_2CC
999 _c132318
_d132318